Spain Euro 2024 Squad - Statistics

General Stats
  • This quiz has been taken 35 times
  • The average score is 18 of 26
Answer Stats
Position Club Player % Correct
FW Athletic Bilbao Nico Williams
97%
GK Arsenal David Raya
94%
FW FC Barcelona Lamine Yamal
94%
DF Real Madrid Dani Carvajal
90%
MF Manchester City Rodri
87%
DF Chelsea Marc Cucurella
84%
MF FC Barcelona Pedri
84%
DF Bayer Leverkusen Alejandro Grimaldo
81%
FW AC Milan Alvaro Morata
77%
DF Al-Nassr Aymeric Laporte
77%
MF Arsenal Mikel Merino
74%
DF Atletico Madrid Robin Le Normand
74%
GK Athletic Bilbao Unai Simon
74%
FW Real Sociedad Mikel Oyarzabal
71%
MF PSG Fabian Ruiz
68%
DF Al-Qadsiah Nacho Fernandez
68%
MF Real Sociedad Martin Zubimendi
65%
FW FC Barcelona Ferran Torres
58%
GK Real Sociedad Alex Remiro
55%
MF Villarreal CF Alex Baena
52%
FW FC Barcelona Dani Olmo
52%
MF FC Barcelona Fermin Lopez
52%
DF Sevilla FC Jesus Navas
52%
FW Al-Gharafa Joselu
42%
DF Athletic Bilbao Dani Vivian
39%
FW Villarreal CF Ayoze Perez
32%
No matching quizzes found
Score Distribution
Percent of People with Each Score
Percentile by Number Answered
Your Score History
You have not taken this quiz